000 00578nam a2200205 a 4500
005 20140310183253.0
008 041020s19uu xx 00 eng d
020 _a0323031439
050 _aRC 674
_b .D38 2004
100 _aDavis, Leslie
245 _aCardiovascular nursing secrets /
_cLeslie Davis.
260 _aUnited States :
_bElsevier Mosby,
_c2004.
300 _a535 p. :
_c23 cm.
521 _aNUR
650 _aCardiovascular system
_xDiseases.
650 _aNursing.
650 _aCardiovascular Diseases
_xNursing.
942 _cBK
_2lcc
_kFOR
999 _c20816
_d20816